[Event "Olimpiada Calviá 2004"]
[Site "Calviá ESP"]
[Date "2004.10.18"]
[Round "4.14"]
[White "Lupulescu, Constantin"]
[Black "Pierrot, Facundo"]
[Result "1-0"]
[WhiteElo "2560"]
[BlackElo "2436"]
[PlyCount "93"]
[EventDate "2004.10.15"]
[EventType "team"]
[EventRounds "14"]
[EventCountry "ESP"]
[Source "lmi"]
[SourceDate "2004.10.27"]

1. e4 e5 2. Nf3 Nf6 3. Nxe5 d6 4. Nf3 Nxe4 5. Nc3 Nxc3 6. dxc3 Nc6 7. Bf4 Bg4
8. h3 Qf6 9. hxg4 Qxf4 10. Bb5 Be7 11. Qd5 O-O 12. Bxc6 bxc6 13. Qxc6 Rab8 14.
b3 Qxg4 15. O-O Qc8 16. Rae1 Bf6 17. c4 Rb6 18. Qd5 Qd7 19. Re4 g6 20. Rd1 Qc6
21. Qxc6 Rxc6 22. Rd5 h5 23. Nd4 Ra6 24. a4 Rc8 25. Nb5 Kf8 26. Kf1 Be5 27. f4
f5 28. fxe5 fxe4 29. exd6 cxd6 30. Nxd6 Rd8 31. c5 Ke7 32. Ke2 h4 33. Rg5 Rg8
34. Ke3 h3 35. gxh3 Rh8 36. Rxg6 Rxh3+ 37. Kxe4 Kd7 38. Kd5 Rh5+ 39. Kc4 Rc6
40. b4 a6 41. Rg4 Kc7 42. c3 Kd7 43. Kb3 Re5 44. Rg7+ Ke6 45. Ra7 Rg5 46. Nf7
Rd5 47. Kc4 1-0

[Event "Olimpiada Calviá 2004"]
[Site "Calviá ESP"]
[Date "2004.10.18"]
[Round "4.15"]
[White "Barsov, Alexei"]
[Black "Fedorov, Alexei"]
[Result "1-0"]
[WhiteElo "2471"]
[BlackElo "2619"]
[PlyCount "59"]
[EventDate "2004.10.15"]
[EventType "team"]
[EventRounds "14"]
[EventCountry "ESP"]
[Source "lmi"]
[SourceDate "2004.10.27"]

1. d4 Nf6 2. c4 g6 3. Nf3 Bg7 4. g3 O-O 5. Bg2 d6 6. O-O Nc6 7. Nc3 a6 8. d5
Na5 9. b3 Rb8 10. Bd2 c5 11. dxc6 Nxc6 12. Rc1 Bd7 13. Ne1 Ne5 14. Nc2 b5 15.
cxb5 axb5 16. Nb4 e6 17. Bf4 Qb6 18. Be3 Qa5 19. Qxd6 Rfc8 20. Na6 Ne8 21. Qxb8
Rxb8 22. Nxb8 b4 23. Ne4 Bb5 24. Rc8 Bf8 25. Bd4 f5 26. Ng5 Nf7 27. Nxe6 Nfd6
28. Bd5 Bc6 29. Bc4 Nxc4 30. Nxc6 1-0

[Event "Olimpiada Calviá 2004"]
[Site "Calviá ESP"]
[Date "2004.10.18"]
[Round "4.15"]
[White "Gareev, Timur"]
[Black "Zhigalko, Andrey"]
[Result "1-0"]
[WhiteElo "2525"]
[BlackElo "2515"]
[PlyCount "85"]
[EventDate "2004.10.15"]
[EventType "team"]
[EventRounds "14"]
[EventCountry "ESP"]
[Source "lmi"]
[SourceDate "2004.10.27"]

1. d4 Nf6 2. c4 g6 3. Nc3 Bg7 4. e4 d6 5. Be2 O-O 6. Nf3 e5 7. O-O Na6 8. Re1
Qe8 9. Bf1 Bg4 10. d5 Nb4 11. Be2 a5 12. Be3 Na6 13. Nd2 Bd7 14. Rb1 b6 15. Nb5
Kh8 16. f3 Ng8 17. a3 Bh6 18. Bxh6 Nxh6 19. b4 axb4 20. axb4 Qe7 21. Nf1 f5 22.
Qd2 Qh4 23. Bd3 Ng8 24. Qf2 Qg5 25. Qd2 Qh4 26. Ra1 Nf6 27. Ra3 fxe4 28. Bxe4
Bc8 29. Ng3 Bb7 30. Ra4 Nd7 31. Bd3 Qf4 32. Qxf4 exf4 33. Ne4 Ne5 34. Bf1 Nf7
35. Nd4 Nb8 36. Rxa8 Bxa8 37. Ne6 Rc8 38. Ra1 Nd7 39. Ra7 b5 40. Nxc7 Nb6 41.
Nxa8 Rxa8 42. Rxf7 bxc4 43. Nf6 1-0

[Event "Olimpiada Calviá 2004"]
[Site "Calviá ESP"]
[Date "2004.10.18"]
[Round "4.17"]
[White "Zhao, Zong-Yuan"]
[Black "Xu, Jun"]
[Result "1/2-1/2"]
[WhiteElo "2410"]
[BlackElo "2589"]
[PlyCount "73"]
[EventDate "2004.10.15"]
[EventType "team"]
[EventRounds "14"]
[EventCountry "ESP"]
[Source "lmi"]
[SourceDate "2004.10.27"]

1. e4 c5 2. Nf3 d6 3. d4 cxd4 4. Nxd4 Nf6 5. Nc3 a6 6. Bg5 e6 7. f4 Qc7 8. Bxf6
gxf6 9. Qd2 Nc6 10. O-O-O Bd7 11. Kb1 Nxd4 12. Qxd4 Be7 13. Be2 h5 14. Rhf1
O-O-O 15. Rf3 Kb8 16. f5 Qc5 17. Qd2 Rdg8 18. Bd3 h4 19. Re1 Bd8 20. Nd1 Qa5
21. c3 Qe5 22. h3 exf5 23. exf5 Rxg2 24. Rf2 Rxf2 25. Nxf2 Qd5 26. Qc2 Re8 27.
Rxe8 Bxe8 28. Be4 Qc5 29. Qd2 Bb6 30. Ng4 Bd7 31. b4 Qc8 32. Qxd6+ Bc7 33. Qxf6
Qe8 34. Qd4 Bc8 35. Kb2 Qb5 36. Bd5 Qf1 37. Be4 1/2-1/2

[Event "Olimpiada Calviá 2004"]
[Site "Calviá ESP"]
[Date "2004.10.18"]
[Round "4.19"]
[White "Torre, Eugenio"]
[Black "Baburin, Alexander"]
[Result "1-0"]
[WhiteElo "2518"]
[BlackElo "2527"]
[PlyCount "103"]
[EventDate "2004.10.15"]
[EventType "team"]
[EventRounds "14"]
[EventCountry "ESP"]
[Source "lmi"]
[SourceDate "2004.10.27"]

1. e4 Nf6 2. e5 Nd5 3. c4 Nb6 4. c5 Nd5 5. Bc4 e6 6. d4 b6 7. Bxd5 exd5 8. Nf3
Be7 9. O-O O-O 10. Nc3 c6 11. b4 Na6 12. a3 Nc7 13. Re1 Ne6 14. Ne2 a5 15. Be3
f6 16. exf6 Rxf6 17. Ne5 Qc7 18. Rc1 axb4 19. axb4 bxc5 20. bxc5 Rf8 21. Nc3
Bxc5 22. Nxd5 cxd5 23. Nd3 d6 24. dxc5 d4 25. cxd6 Qxd6 26. Bd2 Bb7 27. Re5 Rf6
28. Bb4 Qb6 29. Qb3 Kh8 30. f3 Nf4 31. Rce1 Rg8 32. Nxf4 d3+ 33. Kh1 Rxf4 34.
Re8 Rff8 35. Rxf8 Rxf8 36. Qc3 Rg8 37. Re7 h6 38. h3 Ba8 39. Rd7 Qc6 40. Qd4
Qg6 41. Bc3 Kh7 42. Rd6 Qf5 43. Kh2 d2 44. Rd7 Qg6 45. Qxd2 Qf5 46. Qd4 Qg6 47.
Rd6 Qf5 48. Rd8 Qf7 49. Rd7 Qg6 50. Bb2 Kh8 51. Rd6 Qh5 52. Qg4 1-0

[Event "Olimpiada Calviá 2004"]
[Site "Calviá ESP"]
[Date "2004.10.18"]
[Round "4.19"]
[White "Kelly, Brian"]
[Black "Paragua, Mark"]
[Result "1/2-1/2"]
[WhiteElo "2494"]
[BlackElo "2534"]
[PlyCount "113"]
[EventDate "2004.10.15"]
[EventType "team"]
[EventRounds "14"]
[EventCountry "ESP"]
[Source "lmi"]
[SourceDate "2004.10.27"]

1. d4 Nf6 2. c4 g6 3. Nc3 Bg7 4. e4 d6 5. Nf3 O-O 6. Be2 e5 7. O-O Nbd7 8. Be3
c6 9. d5 c5 10. Ne1 Ne8 11. Nd3 f5 12. Rb1 f4 13. Bd2 g5 14. b4 b6 15. Bg4 Ba6
16. Qb3 cxb4 17. Qxb4 Ndf6 18. Be6+ Kh8 19. f3 Nc7 20. Qa4 Qe8 21. Rb4 Nxe6 22.
Qxa6 Nc7 23. Qa4 Nd7 24. Rb2 h5 25. Qc6 Na6 26. Nb5 Rf6 27. Nxd6 Qd8 28. Qb7
Nc7 29. Nb5 Nxb5 30. cxb5 g4 31. Rc2 Bf8 32. Rc6 Rf7 33. Bc3 Kg8 34. Qc7 Qg5
35. Nxe5 Bc5+ 36. Rxc5 Nxe5 37. Qxe5 Qxe5 38. Bxe5 bxc5 39. Rc1 Rc8 40. Rc4 Rb7
41. a4 a6 42. bxa6 Rb4 43. Rc1 Rxa4 44. Bxf4 Rxa6 45. e5 Kf7 46. fxg4 hxg4 47.
Bg5 c4 48. e6+ Kg6 49. Bf4 Kf5 50. g3 Ra5 51. e7 Rxd5 52. Rxc4 Re8 53. Rc7 Ke6
54. Kg2 Rxe7 55. Rxe7+ Kxe7 56. h3 gxh3+ 57. Kxh3 1/2-1/2

[Event "Olimpiada Calviá 2004"]
[Site "Calviá ESP"]
[Date "2004.10.18"]
[Round "4.19"]
[White "Gonzales, Jayson"]
[Black "Quinn, Mark"]
[Result "1-0"]
[WhiteElo "2422"]
[BlackElo "2409"]
[PlyCount "93"]
[EventDate "2004.10.15"]
[EventType "team"]
[EventRounds "14"]
[EventCountry "ESP"]
[Source "lmi"]
[SourceDate "2004.10.27"]

1. Nf3 d5 2. d4 Nf6 3. c4 e6 4. Nc3 dxc4 5. e4 c5 6. Bxc4 cxd4 7. Qxd4 Qxd4 8.
Nxd4 e5 9. Ndb5 Na6 10. Be3 Bb4 11. a3 Bxc3+ 12. Nxc3 O-O 13. f3 b6 14. Rc1 Nc7
15. Kf2 Be6 16. Nb5 Nxb5 17. Bxb5 Rfc8 18. Ba6 Rxc1 19. Rxc1 Ne8 20. b4 Rd8 21.
a4 Rd6 22. Bb5 Kf8 23. a5 Ke7 24. axb6 axb6 25. Rc6 Bd7 26. Rxd6 Nxd6 27. Bxd7
Kxd7 28. Bxb6 Nb7 29. Ke3 Kc6 30. Ba5 Kb5 31. Kd3 Nd6 32. Bd8 Kxb4 33. Be7 Kc5
34. Bf8 g6 35. g4 Kc6 36. Bg7 Kd7 37. Bxe5 Nb7 38. h4 Ke6 39. Bd4 h5 40. Ke3 f6
41. Kf4 hxg4 42. fxg4 Nd6 43. Bxf6 Nxe4 44. Kxe4 Kxf6 45. Kd5 Kf7 46. Ke5 Ke7
47. g5 1-0

[Event "Olimpiada Calviá 2004"]
[Site "Calviá ESP"]
[Date "2004.10.18"]
[Round "4.19"]
[White "Ryan, Joseph"]
[Black "Laylo, Darwin"]
[Result "1/2-1/2"]
[WhiteElo "2316"]
[BlackElo "2328"]
[PlyCount "82"]
[EventDate "2004.10.15"]
[EventType "team"]
[EventRounds "14"]
[EventCountry "ESP"]
[Source "lmi"]
[SourceDate "2004.10.27"]

1. d4 d5 2. c4 c6 3. Nf3 Nf6 4. e3 g6 5. Nc3 Bg7 6. h3 O-O 7. Be2 a6 8. cxd5
Nxd5 9. e4 Nxc3 10. bxc3 c5 11. O-O Nc6 12. Be3 Qa5 13. Qb3 b5 14. d5 c4 15.
Qc2 Nd8 16. Bd4 Bd7 17. Qd2 Qc7 18. Bxg7 Kxg7 19. Qd4+ f6 20. e5 Nb7 21. Rfd1
Rad8 22. d6 exd6 23. exf6+ Rxf6 24. Ng5 Rdf8 25. Ne4 Bc6 26. Nxf6 Rxf6 27. g4
h6 28. f4 Qe7 29. g5 Qxe2 30. gxf6+ Kf7 31. Qf2 Qe6 32. Kh2 Qxf6 33. Rd4 Nc5
34. Re1 Bd7 35. Red1 Nd3 36. R1xd3 cxd3 37. Rxd3 Qe6 38. Re3 Qd5 39. Qg2 Qc4
40. Qf2 Qd5 41. Qg2 Qc4 1/2-1/2

[Event "Olimpiada Calviá 2004"]
[Site "Calviá ESP"]
[Date "2004.10.18"]
[Round "4.20"]
[White "Megaranto, Susanto"]
[Black "Almasi, Zoltan"]
[Result "1-0"]
[WhiteElo "2439"]
[BlackElo "2650"]
[PlyCount "109"]
[EventDate "2004.10.15"]
[EventType "team"]
[EventRounds "14"]
[EventCountry "ESP"]
[Source "lmi"]
[SourceDate "2004.10.27"]

1. e4 e5 2. Nf3 Nc6 3. Bb5 a6 4. Ba4 Nf6 5. O-O Be7 6. Re1 b5 7. Bb3 O-O 8. a4
b4 9. d3 d6 10. Nbd2 Rb8 11. c3 Na5 12. Ba2 c5 13. d4 Qc7 14. Nf1 exd4 15. cxd4
c4 16. Bg5 d5 17. exd5 Nxd5 18. Bxe7 Nxe7 19. Rc1 b3 20. Bb1 Ng6 21. Ne3 Rd8
22. h4 Nf8 23. d5 Rb4 24. Qd4 Rxa4 25. h5 Qd6 26. Ng5 Rb4 27. Ne4 Qb6 28. Qe5
Rb5 29. Nc3 Rb4 30. d6 Nc6 31. Qg3 Qc5 32. Ned5 Qxd6 33. Qxd6 Rxd6 34. Nxb4
Nxb4 35. Ne4 Rc6 36. Ng5 f6 37. Nf3 Kf7 38. Nd4 Rc7 39. Nxb3 Be6 40. Nd4 Bd5
41. Be4 Nd7 42. Bxh7 Nf8 43. Be4 Bxe4 44. Rxe4 Nd3 45. Rc2 Rc5 46. Nf3 Rxh5 47.
Rexc4 Ne6 48. Rd2 Ne5 49. Nxe5+ Rxe5 50. g3 a5 51. Ra4 Rb5 52. Kg2 f5 53. Rc4
g5 54. Rc6 g4 55. Rcd6 1-0

[Event "Olimpiada Calviá 2004"]
[Site "Calviá ESP"]
[Date "2004.10.18"]
[Round "4.20"]
[White "Berkes, Ferenc"]
[Black "Liu, Dede"]
[Result "1-0"]
[WhiteElo "2630"]
[BlackElo "2397"]
[PlyCount "121"]
[EventDate "2004.10.15"]
[EventType "team"]
[EventRounds "14"]
[EventCountry "ESP"]
[Source "lmi"]
[SourceDate "2004.10.27"]

1. Nf3 c5 2. g3 Nc6 3. d4 cxd4 4. Nxd4 g6 5. Bg2 Bg7 6. Nxc6 bxc6 7. c4 Rb8 8.
Qc2 Qb6 9. Nd2 Nf6 10. Nb3 c5 11. O-O O-O 12. Bd2 d6 13. Bc3 Bb7 14. Bxb7 Qxb7
15. Na5 Qa6 16. a3 Rfc8 17. b4 d5 18. b5 Qe6 19. Nc6 Rb7 20. Bxf6 Bxf6 21. cxd5
Qxd5 22. Rfd1 Qf5 23. e4 Qh5 24. Rab1 e6 25. e5 Be7 26. a4 Rbc7 27. Qe4 Qf5 28.
Qxf5 gxf5 29. a5 Kf8 30. a6 Ke8 31. Ra1 Ra8 32. Ra4 Bd8 33. Rc4 Be7 34. Rdc1
Rac8 35. Ra1 Ra8 36. Kg2 Bf8 37. Rca4 Kd7 38. Nxa7 Rcxa7 39. b6 Kc6 40. bxa7
Rxa7 41. Rb1 Bg7 42. f4 f6 43. exf6 Bxf6 44. Kf3 h5 45. h4 Bd8 46. Re1 Kd7 47.
Rd1+ Kc7 48. Ra2 Bf6 49. Re1 Kd6 50. Rb1 Kc7 51. Rb7+ Rxb7 52. axb7 e5 53. fxe5
Bxe5 54. Re2 Bd4 55. Re7+ Kb8 56. Rd7 Bg1 57. Kf4 Bf2 58. Ke5 Bxg3+ 59. Kd5 Ka7
60. Kc6 c4 61. Rd8 1-0

[Event "Olimpiada Calviá 2004"]
[Site "Calviá ESP"]
[Date "2004.10.18"]
[Round "4.20"]
[White "Gunawan, Ruben"]
[Black "Gyimesi, Zoltan"]
[Result "0-1"]
[WhiteElo "2467"]
[BlackElo "2613"]
[PlyCount "96"]
[EventDate "2004.10.15"]
[EventType "team"]
[EventRounds "14"]
[EventCountry "ESP"]
[Source "lmi"]
[SourceDate "2004.10.27"]

1. d4 d5 2. Nf3 Nf6 3. c4 c6 4. Qc2 dxc4 5. Qxc4 Bf5 6. g3 e6 7. Bg2 Nbd7 8.
O-O Be7 9. e3 O-O 10. Qe2 c5 11. Rd1 Qb6 12. Nc3 cxd4 13. exd4 Bb4 14. Be3 Qa5
15. Bd2 Rac8 16. a3 Bxc3 17. Bxc3 Qb6 18. Ne5 Nxe5 19. Qxe5 Bc2 20. Rdc1 Bd3
21. Qa5 Qxa5 22. Bxa5 Be4 23. Bb4 Rfe8 24. Be7 Bxg2 25. Bxf6 gxf6 26. Kxg2 Red8
27. Kf3 Rxc1 28. Rxc1 Rxd4 29. Ke3 Rd7 30. b4 Kg7 31. a4 f5 32. b5 e5 33. Rc5
Kf6 34. a5 Ke6 35. a6 bxa6 36. bxa6 Rd6 37. Ra5 f6 38. h4 Rb6 39. Ra3 h5 40.
Ke2 Rc6 41. Kd2 Rc4 42. Kd3 Rd4+ 43. Ke2 f4 44. Rc3 fxg3 45. fxg3 Rd6 46. Ra3
Kf5 47. Ra4 Rd4 48. Ra3 Kg4 0-1

[Event "Olimpiada Calviá 2004"]
[Site "Calviá ESP"]
[Date "2004.10.18"]
[Round "4.20"]
[White "Ruck, Robert"]
[Black "Halay, Taufik"]
[Result "0-1"]
[WhiteElo "2562"]
[BlackElo "2264"]
[PlyCount "74"]
[EventDate "2004.10.15"]
[EventType "team"]
[EventRounds "14"]
[EventCountry "ESP"]
[Source "lmi"]
[SourceDate "2004.10.27"]

1. Nf3 c5 2. c4 Nc6 3. Nc3 Nd4 4. g3 Nxf3+ 5. exf3 g6 6. d4 Bg7 7. d5 d6 8. h4
h5 9. Be2 Bd7 10. Bg5 a6 11. a4 Nh6 12. g4 Qc8 13. Rg1 Ng8 14. Qd3 Qc7 15. Kd1
O-O-O 16. Kc2 Bd4 17. Rg2 Qa5 18. Bd2 Qb6 19. a5 Qc7 20. Bg5 Re8 21. b4 f6 22.
Bf4 hxg4 23. fxg4 Rxh4 24. bxc5 Bxc5 25. Ne4 Ba7 26. Kd2 f5 27. Qg3 Rh8 28. c5
fxe4 29. cxd6 exd6 30. Rc1 Bc5 31. Bxd6 e3+ 32. fxe3 Bxe3+ 33. Qxe3 Qxc1+ 34.
Kxc1 Rxe3 35. Kd2 Re8 36. Rg3 Bb5 37. Bd1 Nf6 0-1

[Event "Olimpiada Calviá 2004"]
[Site "Calviá ESP"]
[Date "2004.10.18"]
[Round "4.21"]
[White "Palo, Davor"]
[Black "Braga, Cicero"]
[Result "1-0"]
[WhiteElo "2526"]
[BlackElo "2441"]
[PlyCount "71"]
[EventDate "2004.10.15"]
[EventType "team"]
[EventRounds "14"]
[EventCountry "ESP"]
[Source "lmi"]
[SourceDate "2004.10.27"]

1. d4 Nf6 2. c4 g6 3. Nf3 Bg7 4. g3 O-O 5. Bg2 d6 6. Nc3 Nbd7 7. O-O e5 8. h3
exd4 9. Nxd4 Re8 10. b3 Nc5 11. Bb2 a5 12. Qc2 Bd7 13. Rad1 Qc8 14. Kh2 Re5 15.
g4 Bxg4 16. hxg4 Qxg4 17. Nf3 Rae8 18. Kg1 Nh5 19. Nxe5 Rxe5 20. e3 Ne6 21. Ne4
f5 22. f3 Qh4 23. Bxe5 Bxe5 24. f4 Nexf4 25. exf4 Bxf4 26. Rxf4 Nxf4 27. Qf2
Nxg2 28. Qxh4 Nxh4 29. Nf6+ Kf7 30. Nxh7 Nf3+ 31. Kf2 Ne5 32. Ng5+ Kf6 33. Nf3
Ng4+ 34. Ke2 g5 35. Rh1 f4 36. Rg1 1-0

[Event "Olimpiada Calviá 2004"]
[Site "Calviá ESP"]
[Date "2004.10.18"]
[Round "4.21"]
[White "Pedersen, Nicolai Vesterbaek"]
[Black "Fier, Alexander Hila"]
[Result "1-0"]
[WhiteElo "2466"]
[BlackElo "2365"]
[PlyCount "121"]
[EventDate "2004.10.15"]
[EventType "team"]
[EventRounds "14"]
[EventCountry "ESP"]
[Source "lmi"]
[SourceDate "2004.10.27"]

1. d4 Nf6 2. c4 c5 3. d5 e6 4. Nc3 exd5 5. cxd5 d6 6. e4 g6 7. f3 Bg7 8. Nge2
O-O 9. Ng3 Bd7 10. a4 Na6 11. Be2 Nb4 12. O-O a6 13. Bf4 Ne8 14. Qd2 h5 15. Bg5
Bd4+ 16. Kh1 Bf6 17. Bxf6 Qxf6 18. f4 Qd4 19. Rfd1 h4 20. Nf1 h3 21. gxh3 Bxh3
22. Ne3 Qxd2 23. Rxd2 Nf6 24. Nc4 Rad8 25. Bf3 Bg4 26. Bg2 Rfe8 27. e5 dxe5 28.
fxe5 b5 29. axb5 axb5 30. Nxb5 Nfxd5 31. Nbd6 Be6 32. Nxe8 Rxe8 33. Ra5 Nf4 34.
Rxc5 Nbd3 35. Nd6 Rb8 36. Rb5 Rxb5 37. Nxb5 Nxe5 38. Nd4 Nc4 39. Nxe6 Nxe6 40.
Rc2 Nd6 41. Rc6 Nb5 42. Bf1 Nbd4 43. Rc8+ Kg7 44. b4 g5 45. b5 Nxb5 46. Bxb5
Nf4 47. Rc7 Ne6 48. Ra7 Nf4 49. Bc4 Kg6 50. Rxf7 Kh5 51. Re7 Kg4 52. Re3 Ng6
53. Be2+ Kf4 54. Rf3+ Ke5 55. Kg1 Nf4 56. Kf2 Ke4 57. Re3+ Kf5 58. Bc4 Kg4 59.
Be6+ Kh4 60. Bf5 g4 61. Rg3 1-0

[Event "Olimpiada Calviá 2004"]
[Site "Calviá ESP"]
[Date "2004.10.18"]
[Round "4.21"]
[White "Nogueira, Ivan K"]
[Black "Mortensen, Erling"]
[Result "0-1"]
[WhiteElo "2293"]
[BlackElo "2465"]
[PlyCount "71"]
[EventDate "2004.10.15"]
[EventType "team"]
[EventRounds "14"]
[EventCountry "ESP"]
[Source "lmi"]
[SourceDate "2004.10.27"]

1. e4 c5 2. Nf3 e6 3. g3 d5 4. exd5 exd5 5. d4 Nc6 6. Bg2 Bg4 7. Qe2+ Be7 8.
dxc5 Nf6 9. O-O O-O 10. Qb5 Ne4 11. Qxb7 Rc8 12. Qb5 Nxc5 13. Be3 d4 14. Bc1
Re8 15. Nbd2 a6 16. Qc4 Be6 17. Qe2 Nb4 18. Nb3 Nxc2 19. Nxc5 Rxc5 20. Rb1 Bxa2
21. b4 Rc8 22. Rb2 Bc4 23. Qd2 Bxf1 24. Bxf1 Nxb4 25. Rb1 d3 26. Qd1 Bc5 27.
Bd2 a5 28. Ne1 Qf6 29. Nf3 h6 30. Rb3 Rcd8 31. Kg2 Qb6 32. Be1 a4 33. Rc3 Ra8
34. Nd2 a3 35. Nb3 Bf8 36. Rc4 0-1

[Event "Olimpiada Calviá 2004"]
[Site "Calviá ESP"]
[Date "2004.10.18"]
[Round "4.22"]
[White "Mosquera, Miguel"]
[Black "Rozentalis, Eduardas"]
[Result "1-0"]
[WhiteElo "2394"]
[BlackElo "2595"]
[PlyCount "75"]
[EventDate "2004.10.15"]
[EventType "team"]
[EventRounds "14"]
[EventCountry "ESP"]
[Source "lmi"]
[SourceDate "2004.10.27"]

1. e4 e6 2. d4 d5 3. Nc3 Bb4 4. e5 Ne7 5. Bd2 Nf5 6. Bd3 Nc6 7. Nf3 h5 8. Ne2
Be7 9. Bxf5 exf5 10. h4 b6 11. Nf4 Ba6 12. c3 Qd7 13. Qc2 O-O-O 14. O-O-O Rde8
15. Rhe1 Nd8 16. g3 Kb7 17. Re3 Ne6 18. Qxf5 Qa4 19. Nxd5 Qxa2 20. Nxe7 Rxe7
21. Qb1 Qc4 22. b3 Qc6 23. c4 Rd8 24. Bc3 Qe8 25. d5 Red7 26. Rde1 Nc5 27. Nd4
Ka8 28. Qa2 Bb7 29. b4 Ne6 30. dxe6 Rxd4 31. Bxd4 Rxd4 32. exf7 Qxf7 33. e6 Qe7
34. Rd1 Re4 35. Rd7 Qxe6 36. Rd8+ Bc8 37. Rxc8+ Kb7 38. Rxc7+ 1-0

[Event "Olimpiada Calviá 2004"]
[Site "Calviá ESP"]
[Date "2004.10.18"]
[Round "4.22"]
[White "Sulskis, Sarunas"]
[Black "Cuartas, Jaime Alexander"]
[Result "1/2-1/2"]
[WhiteElo "2555"]
[BlackElo "2452"]
[PlyCount "180"]
[EventDate "2004.10.15"]
[EventType "team"]
[EventRounds "14"]
[EventCountry "ESP"]
[Source "lmi"]
[SourceDate "2004.10.27"]

1. e4 c6 2. c4 e5 3. Nf3 Nf6 4. Nc3 Bb4 5. Nxe5 Qe7 6. Nd3 Nxe4 7. Nxe4 Qxe4+
8. Be2 Be7 9. O-O O-O 10. Re1 Bf6 11. Nc5 Qe5 12. Nb3 d5 13. d4 Qd6 14. g3 Qd8
15. Bf4 Bf5 16. Nc5 Bc8 17. Qd2 b6 18. Nb3 a5 19. Rad1 Be6 20. c5 a4 21. Nc1
bxc5 22. dxc5 Nd7 23. Bd6 Be7 24. Bxe7 Qxe7 25. Nd3 Nf6 26. Bf3 Rfb8 27. Rc1
Qc7 28. a3 Bf5 29. Nb4 Qd7 30. Re5 Be6 31. Qc3 h6 32. Rce1 Re8 33. Bg2 Qc7 34.
R5e2 Bd7 35. f4 Rxe2 36. Rxe2 Re8 37. Rxe8+ Bxe8 38. Bf3 Qe7 39. Kf2 Bd7 40.
Qe3 Ne4+ 41. Bxe4 dxe4 42. Qd4 f5 43. Nc2 Qf7 44. h4 Be6 45. Ne3 Bb3 46. g4
fxg4 47. Kg3 h5 48. Qxe4 Qd7 49. Qe5 Qf7 50. Qd6 Qe8 51. Qd4 Qe6 52. f5 Qe7 53.
Ng2 Qe2 54. Qc3 Qf1 55. Qe5 Qf3+ 56. Kh2 Qh3+ 57. Kg1 g3 58. Qe4 Qh2+ 59. Kf1
Kh7 60. Qxc6 Bc4+ 61. Ke1 Qg1+ 62. Kd2 Qd4+ 63. Kc1 Bf7 64. Qf3 Qxc5+ 65. Kd2
Qd4+ 66. Ke1 Qe5+ 67. Kf1 Qxb2 68. Qxg3 Qb1+ 69. Kf2 Qxf5+ 70. Nf4 Qc2+ 71. Kg1
Qc1+ 72. Kg2 Qd2+ 73. Kf1 Qd1+ 74. Kf2 Qd4+ 75. Qe3 Qf6 76. Kg3 g5 77. hxg5
Qxg5+ 78. Kf2 h4 79. Qe4+ Kh6 80. Qc6+ Kg7 81. Qxa4 Qc5+ 82. Kg2 Qe3 83. Qb4
Qg3+ 84. Kf1 Qf3+ 85. Kg1 Qe3+ 86. Kg2 Qg3+ 87. Kf1 Qf3+ 88. Kg1 Qe3+ 89. Kg2
Qg3+ 90. Kf1 Qf3+ 1/2-1/2

[Event "Olimpiada Calviá 2004"]
[Site "Calviá ESP"]
[Date "2004.10.18"]
[Round "4.22"]
[White "Alzate, Dario"]
[Black "Zagorskis, Darius"]
[Result "1-0"]
[WhiteElo "2427"]
[BlackElo "2486"]
[PlyCount "66"]
[EventDate "2004.10.15"]
[EventType "team"]
[EventRounds "14"]
[EventCountry "ESP"]
[Source "lmi"]
[SourceDate "2004.10.27"]

1. e4 c5 2. Nf3 d6 3. c3 Nf6 4. Be2 Bd7 5. Qc2 Qc7 6. O-O e6 7. Re1 Be7 8. Bf1
O-O 9. d3 Rc8 10. Nbd2 Nc6 11. Qd1 b5 12. g3 a5 13. Bg2 a4 14. Nf1 h6 15. h3
Rd8 16. Qe2 Rac8 17. Bf4 e5 18. Bd2 Be6 19. g4 d5 20. Ng3 c4 21. exd5 cxd3 22.
Qxd3 Bxd5 23. Qe2 Bc5 24. Nf5 Bc4 25. Qd1 Qa7 26. Nxe5 Bxf2+ 27. Kh1 Bxe1 28.
Nxc4 Bxd2 29. Nxd2 Qf2 30. Qf1 Rxd2 31. Qxf2 Rxf2 32. Nd6 Rxg2 33. Kxg2 Rd8 1-0

[Event "Olimpiada Calviá 2004"]
[Site "Calviá ESP"]
[Date "2004.10.18"]
[Round "4.22"]
[White "Butnorius, Algimantas"]
[Black "Sanchez, Victor"]
[Result "1-0"]
[WhiteElo "2429"]
[BlackElo "2255"]
[PlyCount "58"]
[EventDate "2004.10.15"]
[EventType "team"]
[EventRounds "14"]
[EventCountry "ESP"]
[Source "lmi"]
[SourceDate "2004.10.27"]

1. Nf3 Nf6 2. c4 g6 3. d4 Bg7 4. g3 O-O 5. Bg2 d6 6. O-O Nc6 7. Nc3 a6 8. b3
Rb8 9. Nd5 b5 10. Nxf6+ Bxf6 11. cxb5 axb5 12. Bb2 Na7 13. Qc2 c6 14. Rfd1 Bd7
15. a3 Qb6 16. e4 Rfc8 17. Qd2 Bg7 18. h3 Rc7 19. Rac1 Rbc8 20. b4 Qb8 21. Ba1
Rd8 22. d5 Rdc8 23. Bxg7 Kxg7 24. e5 c5 25. exd6 exd6 26. Qb2+ Kg8 27. bxc5
Rxc5 28. Rxc5 Rxc5 29. Ng5 Bf5 1-0

[Event "Olimpiada Calviá 2004"]
[Site "Calviá ESP"]
[Date "2004.10.18"]
[Round "4.23"]
[White "Beliavsky, Alexander G"]
[Black "Rahman, Ziaur"]
[Result "1-0"]
[WhiteElo "2660"]
[BlackElo "2535"]
[PlyCount "65"]
[EventDate "2004.10.15"]
[EventType "team"]
[EventRounds "14"]
[EventCountry "ESP"]
[Source "lmi"]
[SourceDate "2004.10.27"]

1. d4 d6 2. e4 g6 3. Nc3 Bg7 4. Be3 Nf6 5. h3 O-O 6. f4 b6 7. e5 Nfd7 8. Qf3 c6
9. O-O-O b5 10. Nxb5 Qb6 11. Na3 Na6 12. Nc4 Qc7 13. Bd2 Nb6 14. Qa3 c5 15.
exd6 exd6 16. Nf3 d5 17. Nce5 c4 18. f5 Re8 19. fxg6 hxg6 20. h4 Bf8 21. Qa5
Qb7 22. h5 Rb8 23. hxg6 fxg6 24. Nxg6 Na4 25. b3 Ba3+ 26. Kb1 Bf5 27. Bxc4 Nb4
28. Bxb4 Bxb4 29. Qxa4 dxc4 30. Rh8+ Kg7 31. Rxe8 Bxg6 32. Rxb8 Bxc2+ 33. Kc1
1-0

[Event "Olimpiada Calviá 2004"]
[Site "Calviá ESP"]
[Date "2004.10.18"]
[Round "4.23"]
[White "Reefat, Bin-Sattar"]
[Black "Pavasovic, Dusko"]
[Result "0-1"]
[WhiteElo "2462"]
[BlackElo "2581"]
[PlyCount "70"]
[EventDate "2004.10.15"]
[EventType "team"]
[EventRounds "14"]
[EventCountry "ESP"]
[Source "lmi"]
[SourceDate "2004.10.27"]

1. e4 e5 2. Nf3 Nc6 3. Bb5 a6 4. Bxc6 dxc6 5. O-O Qf6 6. d4 exd4 7. Nxd4 Bd7 8.
Be3 O-O-O 9. Nd2 Nh6 10. f3 c5 11. Ne2 Qxb2 12. Rb1 Qe5 13. Qc1 Bb5 14. c4 Bc6
15. Nb3 b6 16. a4 a5 17. Bf4 Qe6 18. Nxa5 bxa5 19. Qb2 Kd7 20. Rfd1+ Bd6 21. e5
Rb8 22. Qxb8 Rxb8 23. Rxb8 Nf5 24. Ng3 Nd4 25. exd6 cxd6 26. Kf2 Qxc4 27. Rd2
f6 28. Be3 Nb3 29. Rb2 Bxa4 30. Ne4 d5 31. R8xb3 dxe4 32. Rb8 exf3 33. R8b7+
Ke6 34. Rc7 Qh4+ 35. Kf1 Bb5+ 0-1

[Event "Olimpiada Calviá 2004"]
[Site "Calviá ESP"]
[Date "2004.10.18"]
[Round "4.23"]
[White "Hossain, Enamul"]
[Black "Borisek, Jure"]
[Result "1-0"]
[WhiteElo "2413"]
[BlackElo "2489"]
[PlyCount "87"]
[EventDate "2004.10.15"]
[EventType "team"]
[EventRounds "14"]
[EventCountry "ESP"]
[Source "lmi"]
[SourceDate "2004.10.27"]

1. e4 c5 2. Nf3 d6 3. c3 Nf6 4. Be2 Nbd7 5. d3 c4 6. Nbd2 cxd3 7. Bxd3 g6 8.
O-O Bg7 9. Re1 O-O 10. h3 b6 11. Nf1 Bb7 12. Ng3 Qc7 13. Bc2 e5 14. Bg5 h6 15.
Bxf6 Nxf6 16. Bb3 Rad8 17. c4 Nd7 18. a3 Nc5 19. Ba2 Qe7 20. b4 Ne6 21. Bb1 h5
22. Ra2 Bh6 23. Ne2 f5 24. Nc3 Qf7 25. Nd5 Rd7 26. Rae2 Qg7 27. exf5 gxf5 28.
Nh4 Nd4 29. Qxd4 exd4 30. Nxf5 Qg5 31. h4 Qd8 32. Nde7+ Kh7 33. Re6 Bd2 34.
R1e2 Bc1 35. Ng3+ Kh8 36. Nxh5 Qc7 37. f4 Bxf4 38. Ng6+ Kg8 39. Nhxf4 Rxf4 40.
Nxf4 Kg7 41. h5 Qxc4 42. h6+ Kf8 43. Rf6+ Rf7 44. Ng6+ 1-0